Detalles MARC
| 000 -LIDER |
| fixed length control field |
01003nam a22003017i 4500 |
| 003 - IDENTIFICACDOR DE NÚMERO DE CONTROL |
| control field |
DO-SdBNP |
| 005 - DATE AND TIME OF LATEST TRANSACTION |
| control field |
20240219110412.0 |
| 007 - CAMPOS FIJOS DE DESCRIPCIÓN FÍSICA |
| fixed length control field |
ta |
| 008 - ELEMENTOS DE LONGITUD FIJA |
| fixed length control field |
210713e2021 dr er|||| 001 jdeng d |
| 020 ## - ISBN |
| International Standard Book Number |
9789945627244 |
| 040 ## - FUENTE DE CATALOGACIÓN |
| Agencia que crea de manera original el registro |
DO-SdBNP |
| Idioma de catalogación |
spa |
| Agencia que realiza la transcripción |
BNPHU |
| Convenciones de la despripción |
rda |
| 082 #4 - NÚMERO DE CLASIFICACIÓN DECIMAL DE DEWEY |
| Classification number |
RD863.44 |
| Item number |
J41i 2021 |
| Edition number |
22 |
| 100 1# - ASIENTO PRINCIPAL -- NOMBRE PERSONAL |
| Nombre personal |
Javier, Luis |
| Mención de responsabilidad |
autor |
| 245 10 - MENCIÓN DE TITULO |
| Título |
Indicaciones para salir y entrar : |
| Subtítulo |
(microrelatos) / |
| Mención de responsabilidad |
Luis Javier; editor Rafael J. Rodríguez Pérez |
| 264 #1 - PRODUCTION, PUBLICATION, DISTRIBUTION, MANUFACTURE, AND COPYRIGHT NOTICE |
| Place of production, publication, distribution, manufacture |
Santo Domingo : |
| Name of producer, publisher, distributor, manufacturer |
Editorial Santuario, |
| Date of production, publication, distribution, manufacture, or copyright notice |
2021 |
| 300 ## - DESCRIPCIÓN FÍSICA |
| Extensión |
102 páginas |
| Dimensiones |
23 cm. |
| 336 ## - CONTENT TYPE |
| Source |
rdacontent |
| Content type term |
texto |
| Content type code |
txt |
| 337 ## - MEDIA TYPE |
| Source |
rdamedia |
| Media type term |
sin mediación |
| Media type code |
n |
| 338 ## - CARRIER TYPE |
| Source |
rdacarrier |
| Carrier type term |
volumen |
| Carrier type code |
nc |
| 490 0# - MENCIÓN DE SERIES |
| Mención de serie |
Minificciones |
| 500 ## - NOTA GENERAL |
| Nota general |
Incluye datos biográficos del autor en la solapa de la cubierta |
| 590 ## - NOTA LOCAL |
| Texto de la nota local |
Inventariado 2024/VM |
| 650 #4 - ENCABEZAMIENTO DE MATERIA--TEMÁTICO |
| Término temático o nombre geográfico como elemento de entrada |
Cuentos dominicanos |
| 650 #4 - ENCABEZAMIENTO DE MATERIA--TEMÁTICO |
| Término temático o nombre geográfico como elemento de entrada |
Literatura dominicana |
| 700 1# - ASIENTO SECUNDARIO -- NOMBRE PERSONAL |
| Nombre personal |
Rodríguez Pérez, Rafael J. |
| Mención de responsabilidad |
ed. |
| 910 ## - VALIDACIÓN |
| Validación |
VMateo V. Control e calidad BPMSU |
| 942 ## - ADDED ENTRY ELEMENTS (KOHA) |
| Source of classification or shelving scheme |
Dewey Decimal Classification |
| Koha item type |
Libros |